All Architects Songs - Statistics

General Stats
  • This quiz has been taken 43 times
    14 since last reset
  • The average score is 71 of 170
Answer Stats
Hint Answer % Correct
For Those That Wish To Exist | Live at the Royal Albert Hall Animals
90%
For Those That Wish to Exist at Abbey Hall Animals (Abbey Hall Version)
90%
The Sky, The Earth & All Between Blackhole
90%
The Sky, The Earth & All Between Curse
90%
The Sky, The Earth & All Between Seeing Red
90%
Holy Hell | Live at the Royal Albert Hall Doomsday
80%
Acoustic Singles Doomsday (Piano Reprise)
80%
The Sky, The Earth & All Between Elegy
80%
the classic symptoms of a broken spirit doomscrolling
70%
The Sky, The Earth & All Between Everything Ends
70%
Holy Hell | Live at the Royal Albert Hall Holy Hell
70%
For Those That Wish To Exist Impermanence
70%
For Those That Wish to Exist at Abbey Hall Impermanence (Abbey Hall Version)
70%
For Those That Wish To Exist Meteor
70%
For Those That Wish to Exist at Abbey Hall Meteor (Abbey Hall Version)
70%
The Sky, The Earth & All Between Whiplash
70%
For Those That Wish To Exist An Ordinary Extinction
60%
For Those That Wish to Exist at Abbey Hall An Ordinary Extinction (Abbey Hall Version)
60%
For Those That Wish To Exist Black Lungs
60%
For Those That Wish to Exist at Abbey Hall Black Lungs (Abbey Hall Version)
60%
Live at the Royal Albert Hall | Lost Forever // Lost Together Broken Cross
60%
the classic symptoms of a broken spirit burn down my house
60%
For Those That Wish To Exist Demi God
60%
For Those That Wish to Exist at Abbey Hall Demi God (Abbey Hall Version)
60%
For Those That Wish To Exist Flight Without Feathers
60%
For Those That Wish to Exist at Abbey Hall Flight Without Feathers (Abbey Hall Version)
60%
For Those That Wish To Exist Giving Blood
60%
For Those That Wish to Exist at Abbey Hall Giving Blood (Abbey Hall Version)
60%
All Our Gods Have Abandoned Us | Live at the Royal Albert Hall Gone with the Wind
60%
Live at the Royal Albert Hall | Lost Forever // Lost Together Gravedigger
60%
All Our Gods Have Abandoned Us Gravity
60%
Holy Hell | Live at the Royal Albert Hall Hereafter
60%
All Our Gods Have Abandoned Us | Live at the Royal Albert Hall Memento Mori
60%
the classic symptoms of a broken spirit tear gas
60%
the classic symptoms of a broken spirit when we were young
60%
the classic symptoms of a broken spirit all the love in the world
50%
All Our Gods Have Abandoned Us A Match Made In Heaven
50%
Live at the Royal Albert Hall A Match Made in Heaven
50%
the classic symptoms of a broken spirit a new moral low ground
50%
the classic symptoms of a broken spirit be very afraid
50%
The Sky, The Earth & All Between Brain Dead
50%
The Sky, The Earth & All Between Broken Mirror
50%
Lost Forever // Lost Together C.A.N.C.E.R
50%
The Sky, The Earth & All Between Chandelier
50%
For Those That Wish To Exist | Live at the Royal Albert Hall Dead Butterflies
50%
For Those That Wish to Exist at Abbey Hall Dead Butterflies (Abbey Hall Version)
50%
Holy Hell | Live at the Royal Albert Hall Death Is Not Defeat
50%
All Our Gods Have Abandoned Us Deathwish
50%
the classic symptoms of a broken spirit deep fake
50%
For Those That Wish To Exist Dying is Absolutely Safe
50%
For Those That Wish to Exist at Abbey Hall Dying is Absolutely Safe (Abbey Hall Version)
50%
Hollow Crown Hollow Crown
50%
The Sky, The Earth & All Between Judgment Day
50%
The Sky, The Earth & All Between Landmines
50%
For Those That Wish To Exist Libertine
50%
For Those That Wish to Exist at Abbey Hall Libertine (Abbey Hall Version)
50%
the classic symptoms of a broken spirit living is killing us
50%
Holy Hell | Live at the Royal Albert Hall Modern Misery
50%
All Our Gods Have Abandoned Us | Live at the Royal Albert Hall Nihilist
50%
All Our Gods Have Abandoned Us Phantom Fear
50%
Holy Hell | Live at the Royal Albert Hall Royal Beggars
50%
Holy Hell The Seventh Circle
50%
All Our Gods Have Abandoned Us All Love is Lost
40%
Holy Hell | Live at the Royal Albert Hall A Wasted Hymn
40%
Acoustic Singles A Wasted Hymn (Acoustic)
40%
For Those That Wish To Exist | Live at the Royal Albert Hall Discourse is Dead
40%
For Those That Wish to Exist at Abbey Hall Discourse is Dead (Abbey Hall Version)
40%
All Our Gods Have Abandoned Us Downfall
40%
For Those That Wish To Exist Do You Dream of Armageddon?
40%
For Those That Wish to Exist at Abbey Hall Do You Dream of Armageddon? (Abbey Hall Version)
40%
Hollow Crown Early Grave
40%
The Sky, The Earth & All Between Evil Eyes
40%
Hollow Crown Follow the Water
40%
For Those That Wish To Exist Goliath
40%
For Those That Wish to Exist at Abbey Hall Goliath (Abbey Hall Version)
40%
Holy Hell | Live at the Royal Albert Hall Mortal After All
40%
Lost Forever // Lost Together Naysayer
40%
the classic symptoms of a broken spirit spit the bone
40%
Lost Forever // Lost Together The Distant Blue
40%
Daybreaker These Colours Don't Run
40%
Lost Forever // Lost Together Youth is Wasted on the Young
40%
The Here and Now An Open Letter to Myself
30%
Daybreaker (US Re-Issue) Black Blood
30%
Daybreaker (US Re-Issue) Blood Bank
30%
the classic symptoms of a broken spirit born again pessimist
30%
Lost Forever // Lost Together Castles in the Air
30%
Lost Forever // Lost Together Colony Collapse
30%
Holy Hell Damnation
30%
The Here and Now Day In Day Out
30%
Daybreaker | The Here and Now (Special Edition) Devil's Island
30%
Holy Hell Dying to Heal
30%
Daybreaker Even If You Win, You're Still a Rat
30%
Hollow Crown In Elegance
30%
For Those That Wish To Exist Little Wonder
30%
For Those That Wish to Exist at Abbey Hall Little Wonder (Abbey Hall Version)
30%
Ruin North Lane
30%
The Here and Now Red Eyes
30%
Lost Forever // Lost Together Red Hypergiant
30%
Daybreaker The Bitter End
30%
The Here and Now The Blues
30%
Lost Forever // Lost Together The Devil Is Near
30%
Daybreaker Alpha Omega
20%
Ruin Always
20%
Nightmare A Portrait For The Deceased
20%
Daybreaker Behind the Throne
20%
Hollow Crown Borrowed Time
20%
Ruin (Bonus) Broken Clocks
20%
The Here and Now BTN
20%
Ruin Buried at Sea
20%
Daybreaker (US Re-Issue) Cracks in the Earth
20%
Daybreaker Daybreak
20%
Lost Forever // Lost Together Dead Man Talking
20%
Hollow Crown Dead March
20%
The Here and Now Delete, Rewind
20%
Hollow Crown Dethroned
20%
Hollow Crown Every Last Breath
20%
Daybreaker Feather of Lead
20%
All Our Gods Have Abandoned Us From the Wilderness
20%
The Here and Now Heartburn
20%
Ruin Heartless
20%
Ruin Hunt Them Down
20%
Ruin I Can't See The Light
20%
Nightmare In The Desert
20%
The Here and Now Learn to Live
20%
Hollow Crown Left with a Last Minute
20%
Ruin Low
20%
Nightmare Minesweeper
20%
Hollow Crown Numbers Count For Nothing
20%
Daybreaker (US Re-Issue) Of Dust & Nations
20%
Hollow Crown One of These Days
20%
Daybreaker Outsider Heart
20%
Daybreaker (Japanese Bonus) Rise Against
20%
Ruin Running from the Sun
20%
Ruin Sail This Ship Alone
20%
Ruin Save Me
20%
All Our Gods Have Abandoned Us (Australian Bonus) Silver Bullet
20%
The Here and Now Stay Young Forever
20%
Nightmare The Darkest Tomb
20%
All Our Gods Have Abandoned Us The Empty Hourglass
20%
Lost Forever // Lost Together (Australian Deluxe) The Shadow of Doubt
20%
Nightmare They'll Be Hanging Us Tonight
20%
Nightmare This Confession Means Nothing
20%
Nightmare To The Death
20%
Daybreaker Truth, Be Told
20%
Daybreaker Unbeliever
20%
Daybreaker (Japanese Bonus) | The Here and Now (Special Edition) Untitled
20%
Lost Forever // Lost Together (Australian Deluxe) Untitled II
20%
Hollow Crown We're All Alone
20%
The Here and Now Year In Year Out / Up and Away
20%
Nightmare You Don't Walk Away From Dismemberment
20%
Ruin You'll Find Safety
20%
Hollow Crown (Bonus) To the Death (Re: Recorded)
10%
No matching quizzes found
Score Distribution
Percent of People with Each Score
Percentile by Number Answered
Your Score History
You have not taken this quiz since the last reset